ਚਾੰਦੀ ਦਾ ਗੇਟ / (Record no. 109655)

MARC details
000 -LEADER
fixed length control field 00877nam a22002417a 4500
005 - DATE AND TIME OF LATEST TRANSACTION
control field 20170123164141.0
010 ## - LIBRARY OF CONGRESS CONTROL NUMBER
LC control number B-065713
020 ## - INTERNATIONAL STANDARD BOOK NUMBER
Terms of availability 145.00
035 ## - SYSTEM CONTROL NUMBER
System control number B-065713
040 ## - CATALOGING SOURCE
Original cataloging agency DPL
Language of cataloging PN
082 ## - DEWEY DECIMAL CLASSIFICATION NUMBER
Classification number
Item number ਗਰੇਵਾ
100 ## - MAIN ENTRY--PERSONAL NAME
Personal name ਗਰੇਵਾਲ, ਮਿੰਨੀ
9 (RLIN) 15574
245 ## - TITLE STATEMENT
Title ਚਾੰਦੀ ਦਾ ਗੇਟ /
Statement of responsibility, etc ਮਿੰਨੀ ਗਰੇਵਾਲ
246 ## - VARYING FORM OF TITLE
Title proper/short title Chandi da gate
Remainder of title by Mini grawal
260 ## - PUBLICATION, DISTRIBUTION, ETC. (IMPRINT)
Place of publication, distribution, etc ਦਿੱਲੀ
Name of publisher, distributor, etc ਮਨਪ੍ਰੀਤ ਪ੍ਰਕਾਸ਼ਨ
270 ## - ADDRESS
Address 16/16 ਫਸਟ ਫਲੋਰ ਗੀਤਾ ਕਲੋਨੀ,
City ਦਿੱਲੀ
Postal code 110031
300 ## - PHYSICAL DESCRIPTION
Extent 142p.
Other physical details 22cm(Hb)
600 ## - SUBJECT ADDED ENTRY--PERSONAL NAME
Personal name ਪੰਜਾਬੀ-ਕਹਾਣੀਆਂ
9 (RLIN) 15575
650 ## - SUBJECT ADDED ENTRY--TOPICAL TERM
Topical term or geographic name as entry element ਪੰਜਾਬੀ ਸਾਹਿਤ
9 (RLIN) 779
650 ## - SUBJECT ADDED ENTRY--TOPICAL TERM
Topical term or geographic name as entry element Punjabi Stories
9 (RLIN) 6279
650 ## - SUBJECT ADDED ENTRY--TOPICAL TERM
Topical term or geographic name as entry element Punjabi Literature
9 (RLIN) 781
942 ## - ADDED ENTRY ELEMENTS (KOHA)
Source of classification or shelving scheme Dewey Decimal Classification
Koha item type Punjabi Bks
Classification part
Call number suffix ਗਰੇਵਾ
Holdings
Withdrawn status Lost status Damaged status Not for loan Home library Current library Date acquired Source of acquisition Cost, normal purchase price Total Checkouts Full call number Barcode Date last seen Copy number Cost, replacement price Price effective from Koha item type
        Central Library Central Library 06/06/2015 Cen Lib / Ret 145.00   ਕ ਗਰੇਵਾ B-065713 06/06/2015 1 145.00 15/09/2016 Punjabi Bks

© Delhi Public Library
Hit Counter
free hit counter